00333nam a2200121Ia 4500008004100000040001700041041001200058082001200070100002500082245002000107260007300127300001100200230917s9999||||xx |||||||||||||| ||und|| e200115aMAIN aEnglish a294.537 aSingh, Satya Prakash 0aVedic symbolism aNew DelhibMaharshi Sandipani Rashtriya Veda Vidya Pratishthanc2001 a614 p.